|
|
|
|
| LEADER |
00000nam0a2200000 4500 |
| 001 |
681537 |
| 005 |
20251002111626.0 |
| 010 |
|
|
|a 978-5-04-155036-3
|
| 090 |
|
|
|a 681537
|
| 100 |
|
|
|a 20250905d2021 m||y0rusy50 ca
|
| 101 |
0 |
|
|a rus
|
| 102 |
|
|
|a RU
|
| 105 |
|
|
|a y z 000ay
|
| 181 |
|
0 |
|a i
|b e
|
| 182 |
|
0 |
|a n
|
| 183 |
|
0 |
|a nc
|2 RDAcarrier
|
| 200 |
1 |
|
|a Кто там прячется во мраке?
|e [роман]
|f Инна Бачинская
|
| 203 |
|
|
|a Текст
|b визуальный
|c непосредственный
|
| 210 |
|
|
|a Москва
|c Эксмо
|d 2021
|
| 215 |
|
|
|a 318 с.
|
| 225 |
1 |
|
|a Детектив сильных страстей
|
| 283 |
|
|
|a volume
|2 RDAcarrier
|
| 330 |
|
|
|a Зал был полон. Весь городской бомонд собрался на показе новой коллекции в доме моды "Икеара-Региа", предвкушая удивительное по красоте и зрелищности шоу. И маэстро Игорь Нгелу-Икеара в очередной раз не подвел. В его изысканных нарядах на подиуме блистала красавица Снежана. Она недаром демонстрировала свадебное платье — на банкете после показа все поздравляли ее со скорым замужеством и кричали им с женихом "Горько!". Как оказалось, поторопились: тем же вечером Снежану убили прямо в гримерке. При этом пропало драгоценное колье — подарок жениха, Руслана Бродского, успешного архитектора. Но оно ли стало причиной преступления? У жестокой, высокомерной девушки было много врагов. Того, кто решился на крайний шаг, намерен вычислить капитан полиции Николай Астахов, а помогают ему верные друзья — редактор Савелий Зотов и философ Федор Алексеев...
|
| 606 |
|
|
|a Русская литература современная
|9 50316
|
| 610 |
1 |
|
|a художественная литература
|
| 610 |
1 |
|
|a детективы
|
| 610 |
1 |
|
|a романы
|
| 675 |
|
|
|a Р2
|v 4
|
| 700 |
|
1 |
|a Бачинская
|b И. Ю.
|g Инна Юрьевна
|
| 801 |
|
0 |
|a RU
|b 63413507
|c 20250908
|
| 942 |
|
|
|c BK
|